Normal view
MARC view
- BIOMEDICAL ENGINEERING, BIOMEDICAL ENGINEERING - METHODS, BIOLOGICAL TRANSPORT, BIOMECHANIC PROCESSES, SIGNAL PROCESSING - COMPUTER ASSISTED
Entry Topical Term
001 - CONTROL NUMBER
- control field: 62495
003 - CONTROL NUMBER IDENTIFIER
- control field: NUST
005 - DATE AND TIME OF LATEST TRANSACTION
- control field: 20210628202939.0
008 - FIXED-LENGTH DATA ELEMENTS
- fixed length control field: 210628|| aca||aabn | a|a d
040 ## - CATALOGING SOURCE
- Original cataloging agency: NUST
- Transcribing agency: NUST
150 ## - HEADING--TOPICAL TERM
- Topical term or geographic name entry element: BIOMEDICAL ENGINEERING, BIOMEDICAL ENGINEERING - METHODS, BIOLOGICAL TRANSPORT, BIOMECHANIC PROCESSES, SIGNAL PROCESSING - COMPUTER ASSISTED
670 ## - SOURCE DATA FOUND
- Source citation: Work cat.: (NUST): Ritter, Arthur .B Reisman, Stanley Michniak, Bozena .B 62494, Biomedical engineering principles, 2005
